000 00652nam a2200241Ia 4500
003 OSt
005 20220918174835.0
006 a|||||r|||| 00| 0
007 ta
008 220917b |||||||| |||| 00| 0 eng d
024 _a14,378
037 _cTextual
040 _aARTS
_cARTS
_beng
041 _2eng
_aeng
082 _aNQ56,M30-L00, M1
100 _aRosenfeld Sybil
_951948
245 0 _aGoorgain scene painters and scene painting
260 _aCambridge
_bCambridge Univ
_c1981
300 _axiv, 206p.
_ccm.
650 _aARTS
942 _hNQ56,M30-L00, M1
_cTEXL
_2CC
999 _c154926
_d154926